Spirit of Islam (Record no. 248)

MARC details
000 -LEADER
fixed length control field 00561nam a2200241 a 4500
020 ## - INTERNATIONAL STANDARD BOOK NUMBER
ISBN
082 00 - DEWEY DECIMAL CLASSIFICATION NUMBER
Classification number 297.1227
Author Cutter HUS
100 ## - MAIN ENTRY--AUTHOR NAME
Author name Husain, Ashfaque
245 ## - TITLE STATEMENT
Title Spirit of Islam
260 ## - PUBLICATION, DISTRIBUTION, ETC. (IMPRINT)
Place of publication Bombay
Name of publisher Asia Pub. House
Year of publication 1958
300 ## - PHYSICAL DESCRIPTION
Number of Pages 76p
500 ## - GENERAL NOTE
General note includes index and biblioraphy
505 2# - FORMATTED CONTENTS NOTE
Formatted contents note Index
650 ## - SUBJECT ADDED ENTRY--TOPICAL TERM
Topical Term Quran-Hermeneutics
942 ## - ADDED ENTRY ELEMENTS (KOHA)
Koha item type Books
700 1# -
-- Husain, Ashfaque
Holdings
Collection code Home library Current library Date acquired Cost, normal purchase price Full call number Accession Number Koha item type
  Henry Martyn Institute Library Henry Martyn Institute Library 01/28/2011 0.00 297.1227 HUS 01098 Books
                   Copyright © 2026 | Henry Martyn Institute | Hyderabad | TS-500052 | INDIA | Implemented by hmi.edu.in
Hit-Count:

Powered by Koha